01288nas a2200265 4500000000100000008004100001260001300042653001000055653001700065653003200082653001100114653001600125653001200141653001600153653001400169100001500183700001400198700001300212700001500225245005100240300000900291490000600300520070200306022001401008 1975 d c1975 Apr10aAdult10aHLA Antigens10aHistocompatibility Antigens10aHumans10aImmune Sera10aleprosy10aLymphocytes10aPhenotype1 aDasgupta A1 aMehra N K1 aGhei S K1 aVaidya M C00aHistocompatibility antigens (HL-A) in leprosy. a85-70 v53 a
HL-A antigens of 70 leprosy patients and 40 normal healthy individuals were determined by the standard microlymphocytotoxicity test. Both lepromatous and non-lepromatous leprosy patients were tested for the presence of 11 HL-A antigens, and the frequency of each specificity was compared with that in a normal population of the same ethnic group. Although the statistical significance of HL-A8 specificity was found to be marginal in lepromatous leprosy patients, when using ordinary 2 times 2 statistics, there did seem to be a decreased frequency of HL-A9 among the non-lepromatous type. Other antigens tested did not reveal any significant differences between the two groups of subjects.
a0001-2815